Every NBA Team's Best Player of All-Time - Statistics

General Stats
  • This quiz has been taken 161 times
    146 since last reset
  • The average score is 26 of 30
Answer Stats
Hint Answer % Correct
Bucks Kareem Abdul-Jabbar
99%
Cavaliers LeBron James
98%
Bulls Michael Jordan
98%
Warriors Wilt Chamberlain
98%
Lakers Kobe Bryant
95%
Magic Shaquille O'Neal
95%
Mavericks Dirk Nowitzki
94%
Celtics Larry Bird
94%
Heat Dwyane Wade
93%
Spurs Tim Duncan
93%
Rockets Hakeem Olajuwon
92%
Jazz Karl Malone
92%
Thunder Kevin Durant
92%
Pistons Isaiah Thomas
87%
76ers Julius Erving
85%
Timberwolves Kevin Garnett
85%
Clippers Chris Paul
83%
Knicks Patrick Ewing
83%
Pacers Reggie Miller
83%
Nuggets Carmelo Anthony
79%
Hawks Dominique Wilkins
79%
Kings Oscar Robertson
79%
Raptors Vince Carter
79%
Suns Charles Barkley
78%
Pelicans Anthony Davis
76%
Trailblazers Clyde Drexler
76%
Nets Jason Kidd
75%
Grizzlies Marc Gasol
74%
Hornets Kemba Walker
71%
Wizards Elvin Hayes
46%
No matching quizzes found
Score Distribution
Percent of People with Each Score
Percentile by Number Answered
Your Score History
You have not taken this quiz since the last reset